000 00486nam a2200109Ia 4500
008 160909s9999 xx 000 0 und d
100 _aHouston, Melissa
245 4 _aThe Experiences of Faculty at Academic Institutions Preparing Themselves for Academic Continuity after a Disaster in Florida in the Last Decade: A Phenomenological Study
260 _bNorthcentral University.
_c2016
650 _aFINANCIAL MANAGEMENT
856 _uhttp://pqdtopen.proquest.com/doc/1791151176.html?FMT=ABS
999 _c304567
_d304567